Physics in the arts / (Record no. 168919)

MARC details
000 -LEADER
fixed length control field 00943cam a22002894a 4500
001 - CONTROL NUMBER
control field 20566576
003 - CONTROL NUMBER IDENTIFIER
control field OSt
005 - DATE AND TIME OF LATEST TRANSACTION
control field 20250515150039.0
008 - FIXED-LENGTH DATA ELEMENTS--GENERAL INFORMATION
fixed length control field
020 ## - INTERNATIONAL STANDARD BOOK NUMBER
International Standard Book Number 9780123918789 (paperback)
040 ## - CATALOGING SOURCE
Original cataloging agency NUST
Transcribing agency NUST
Language of cataloging eng
Modifying agency NUST
Description conventions rda
050 ## - LIBRARY OF CONGRESS CALL NUMBER
Classification number QC355.3 GIL
100 1# - MAIN ENTRY--PERSONAL NAME
Personal name Gilbert, Pupa
Relator term Author
245 10 - TITLE STATEMENT
Title Physics in the arts /
Statement of responsibility, etc. P.U.P.A. Gilbert and W. Haeberli
250 ## - EDITION STATEMENT
Edition statement Revised edition
260 ## - PUBLICATION, DISTRIBUTION, ETC.
Place of publication, distribution, etc. Amsterdam :
Name of publisher, distributor, etc. Academic Press,
Date of publication, distribution, etc. 2012
300 ## - PHYSICAL DESCRIPTION
Extent xiii, 312 pages :
Other physical details color illustrations ;
Dimensions 23 cm
336 ## - CONTENT TYPE
Content type term text
Content type code txt
Source rdacontent
337 ## - MEDIA TYPE
Media type term unmediated
Media type code n
Source rdamedia
338 ## - CARRIER TYPE
Carrier type term volume
Carrier type code nc
Source rdacarrier
440 1# - SERIES STATEMENT/ADDED ENTRY--TITLE
Title Complementary science series
504 ## - BIBLIOGRAPHY, ETC. NOTE
Bibliography, etc. note Includes bibliographical references
650 #0 - SUBJECT ADDED ENTRY--TOPICAL TERM
Topical term or geographic name entry element Light
650 #0 - SUBJECT ADDED ENTRY--TOPICAL TERM
Topical term or geographic name entry element Music
General subdivision Acoustics and physics
700 1# - ADDED ENTRY--PERSONAL NAME
Personal name Haeberli, W.
942 ## - ADDED ENTRY ELEMENTS (KOHA)
Koha item type Ordinary Loan Books
Call number prefix QC
Call number suffix GIL
Source of classification or shelving scheme Library of Congress Classification
Edition Revised Edition.
Classification part QC355.3 GIL
Suppress in OPAC No
Holdings
Withdrawn status Lost status Source of classification or shelving scheme Damaged status Not for loan Collection Home library Current library Shelving location Date acquired Cost, normal purchase price Total Checkouts Full call number Barcode Date last seen Cost, replacement price Price effective from Koha item type Source of acquisition Accession number Public note
    LCC     NFIC MAIN MAIN GEN 01/23/2023 80.00   QC355.3 GIL 92004048004 01/23/2023 80.00 01/23/2023 BOOKS      
    LCC     NFIC MAIN MAIN GEN 05/15/2025 41.00   QC355.3 GIL 92004055313 05/15/2025 41.00 05/14/2025 BOOKS Book Aid International 61123 Donation